000 00861cab a2200193 4500
001 ##L131119
008 050930n2005 000 0 eng u
035 _a(Sirsi) u131119
041 0 _aeng
100 1 _aDudley-Smith, Paul
245 0 0 _aIs your office safe?
260 _c2005
490 0 _aSolicitor's Journal Focus
_v149(35) 16 September 2005, 4(1)
520 _aConsiders health and safety risks in commercial buildings. Main topics covered are fire risk assessments, the effect of the Disability Discrimination Act 1995, toxic mould, and asbestos risk management. Heating and ventilation maintenance, flushing of tanks and pipework, and the problem of radon gas are also mentioned.
590 _aIKA111005
650 2 4 _aDISABILITY DISCRIMINATION ACT 1995
690 _aMANAGEMENT-HEALTH AND SAFETY-HEALTH AND SAFETY RISK MANAGEMENT
942 _n0
999 _c75952
_d75952